|
|
|
|
| LEADER |
00000nam0a2200000 4500 |
| 001 |
344738 |
| 005 |
20231102005709.0 |
| 010 |
|
|
|a 9785980620240
|
| 035 |
|
|
|a (RuTPU)RU\TPU\book\376457
|
| 090 |
|
|
|a 344738
|
| 100 |
|
|
|a 20200327d2018 km y0rusy50 ca
|
| 101 |
1 |
|
|a rus
|c ger
|
| 102 |
|
|
|a RU
|
| 105 |
|
|
|a a j 001zy
|
| 200 |
1 |
|
|a Модульные системы в графическом дизайне
|e пособие для графиков, типографов и оформителей выставок
|e пер. с нем.
|f Й. Мюллер-Брокманн
|
| 205 |
|
|
|a 2-е изд.
|
| 210 |
|
|
|a Москва
|c Студия Артемия Лебедева
|d 2018
|
| 215 |
|
|
|a 178 с.
|c ил.
|
| 320 |
|
|
|a Библиогр.: с. 176-177
|
| 320 |
|
|
|a Указатель дизайнеров: с. 178
|
| 330 |
|
|
|a Книга представляет собой подробное пособие по использованию модульной системы в графическом дизайне и оформительской работе. Автор на примерах рассказывает о применении модульной сетки в дизайне книг, периодических изданий, корпоративной полиграфии, выставочных пространств, приводит исторические образцы архитектуры, типографики и дизайна и убедительно доказывает универсальность и эффективность модульного метода проектирования. Издание адресовано широкому кругу дизайнеров и оформителей.
|
| 606 |
1 |
|
|a Графический дизайн
|x Графика
|2 stltpush
|3 (RuTPU)RU\TPU\subj\74853
|9 86822
|
| 610 |
1 |
|
|a типографика
|
| 610 |
1 |
|
|a философия
|
| 610 |
1 |
|
|a оформительское искусство
|
| 610 |
1 |
|
|a модульные системы
|
| 610 |
1 |
|
|a шрифты
|
| 610 |
1 |
|
|a интерлиньяж
|
| 610 |
1 |
|
|a тексты
|
| 610 |
1 |
|
|a фотографии
|
| 610 |
1 |
|
|a иллюстрации
|
| 610 |
1 |
|
|a фирменный стиль
|
| 610 |
1 |
|
|a выставки
|
| 610 |
1 |
|
|a трехмерные пространства
|
| 610 |
1 |
|
|a типографика
|
| 610 |
1 |
|
|a пособия
|
| 675 |
|
|
|a 76.03(075.8)
|v 4
|
| 700 |
|
1 |
|a Мюллер-Брокманн
|b Й.
|g Йозеф
|
| 801 |
|
1 |
|a RU
|b 63413507
|c 20200327
|
| 801 |
|
2 |
|a RU
|b 63413507
|c 20201002
|g RCR
|
| 942 |
|
|
|c BK
|
| 959 |
|
|
|a 13/20200327
|d 2
|e 2297,63
|f УФ:1
|f ЧЗТЛ:1
|